000 00667nas a22001577a 4500
007 cz || anaaa
008 230623e20211101xxk|||||o|||| 00| 0 eng d
041 _aeng
245 _aApplication of the EUV Basis of Value in UK Public Sector Accounting
260 _bRICS,
_cOctober 2021
650 _aEXISTING USE VALUE
651 _aUnited Kingdom
690 _96273
_aValuation
710 _94900
_aRoyal Institution of Chartered Surveyors
856 _uhttps://www.rics.org/profession-standards/rics-standards-and-guidance/sector-standards/valuation-standards/application-of-the-existing-use-value-basis-of-value-in-uk-public-sector-accounting
_zAvailable on RICS.org
999 _c121558
_d121558